The Office: Regional Managers by Picture - Statistics

General Stats
  • This quiz has been taken 8 times
  • The average score is 3 of 15
Answer Stats
Picture Hint Answer % Correct
United States Michael Scott
100%
United Kingdom David Brent
50%
Sweden Ove Sundberg
25%
Israel Avi Meshulam
13%
Germany Bernd Stromberg
13%
Canada David Gervais
13%
France Gilles Triquet
13%
Australia Hannah Howard
13%
India Jagdeep Chadda
13%
Saudi Arabia Malik Al-Tuwaifi
13%
Chile Manuel Cerda
13%
Czech Republic Marek Chvála
13%
Poland Michał Holc
13%
Finland Pentti Markkanen
13%
Brazil Tales
13%
No matching quizzes found
Score Distribution
Percent of People with Each Score
Percentile by Number Answered
Your Score History
You have not taken this quiz